
Library Catalogue

| 000 -LEADER | |
|---|---|
| fixed length control field | 01001cam a2200229 i 4500 |
| 005 - DATE AND TIME OF LATEST TRANSACTION | |
| control field | 20260605130200.0 |
| 008 - FIXED-LENGTH DATA ELEMENTS--GENERAL INFORMATION | |
| fixed length control field | 180418s2019 nyua b 001 0 eng |
| 020 ## - INTERNATIONAL STANDARD BOOK NUMBER | |
| International Standard Book Number | 9780190640323 (hbk.) |
| 082 00 - DEWEY DECIMAL CLASSIFICATION NUMBER | |
| Classification number | 346.06624 CHE |
| 100 1# - MAIN ENTRY--PERSONAL NAME | |
| Personal name | Cheffins, Brian R. |
| 245 14 - TITLE STATEMENT | |
| Title | The public company transformed / |
| Statement of responsibility, etc. | Brian R. Cheffins. |
| 264 #1 - PRODUCTION, PUBLICATION, DISTRIBUTION, MANUFACTURE, AND COPYRIGHT NOTICE | |
| Place of production, publication, distribution, manufacture | New York : |
| Name of producer, publisher, distributor, manufacturer | Oxford University Press, |
| Date of production, publication, distribution, manufacture, or copyright notice | 2019. |
| 300 ## - PHYSICAL DESCRIPTION | |
| Extent | xvi, 431 p. : |
| Other physical details | ill. ; |
| Dimensions | 25 cm. |
| 365 ## - TRADE PRICE | |
| Price amount | RS.6388 |
| 505 ## - Contents | |
| Contents | 1: Introduction ;<br/>2: Managerial capitalism ;<br/>3: The 1970s managerial capitalism sustained but something happened ;<br/>4: The 1980s managerial capitalism taken over ;<br/>5: The 1990s gloom to euphoria and back ;<br/>6: The 2000s the decade from hell ;<br/>7: The future of the public company . |
| 650 #0 - SUBJECT ADDED ENTRY--TOPICAL TERM | |
| Topical term or geographic name entry element | Corporation law |
| 650 #0 - SUBJECT ADDED ENTRY--TOPICAL TERM | |
| Topical term or geographic name entry element | Corporations |
| 650 #0 - SUBJECT ADDED ENTRY--TOPICAL TERM | |
| Topical term or geographic name entry element | History. |
| 906 ## - LOCAL DATA ELEMENT F, LDF (RLIN) | |
| a | 7 |
| b | cbc |
| c | orignew |
| d | 1 |
| e | ecip |
| f | 20 |
| g | y-gencatlg |
| 942 ## - ADDED ENTRY ELEMENTS (KOHA) | |
| Source of classification or shelving scheme | Dewey Decimal Classification |
| Koha item type | BOOKs |
| Withdrawn status | Lost status | Source of classification or shelving scheme | Materials specified (bound volume or other part) | Damaged status | Not for loan | Collection code | Home library | Current library | Shelving location | Date acquired | Source of acquisition | Total Checkouts | Full call number | Barcode | Date last seen | Date last checked out | Price effective from | Koha item type |
|---|---|---|---|---|---|---|---|---|---|---|---|---|---|---|---|---|---|---|
| Dewey Decimal Classification | HB | Reference | NLS | NLS | General Stacks | 28/02/2020 | Purchased | 1 | 346.06624 CHE | 37989 | 09/03/2021 | 03/03/2021 | 28/02/2020 | BOOKs |